Loading...
| Literature - World | 0 | 2 | 0 | 0 | 20 | 102 | 117.50 | 0 | 0 | 3.21 | 4.17 |
| Science - Other | 0 | 3 | 2 | 2 | 20 | 99 | 111.33 | 0 | 0 | 1.32 | 4.83 |
| Science - Physics | 0 | 2 | 0 | 0 | 20 | 41 | 58.00 | 0 | 2 | 10.32 | 16.89 |
| Religion | 0 | 1 | 0 | 0 | 10 | 84 | 84.00 | 0 | 0 | 2.70 | 7.50 |
| Science - Biology | 0 | 1 | 0 | 0 | 10 | 68 | 68.00 | 1 | 1 | 3.70 | 10.00 |
| Science - Chemistry | 0 | 2 | 2 | 0 | 10 | 90 | 92.00 | 0 | 0 | 4.02 | 11.67 |
| Social Science | 0 | 1 | 0 | 0 | 10 | 68 | 68.00 | 0 | 0 | 3.58 | 0.83 |
| Fine Arts - Painting and Sculpture | 0 | 1 | 0 | 0 | 10 | 121 | 121.00 | 0 | 0 | 0.08 | 4.00 |
| Popular Culture | 0 | 1 | 0 | 0 | 10 | 41 | 41.00 | 0 | 0 | 22.98 | 22.22 |
| Fine Arts - Other | 0 | 0 | 0 | 0 | 0 | 0.00 | 0 | 0 | 0.00 | 0.00 |